[Event "Interzonal-15"]
[Site "Manila"]
[Date "1990.??.??"]
[Round "2"]
[White "Illescas Cordoba, Miguel"]
[Black "Khalifman, Alexander"]
[Result "0-1"]
[WhiteElo "2535"]
[BlackElo "2615"]
[Annotator "Stohl,I"]
[PlyCount "80"]
[EventDate "1990.06.29"]
[EventType "swiss"]
[EventRounds "13"]
[EventCountry "PHI"]
[SourceTitle "CBM 019"]
[Source "ChessBase"]
[SourceDate "1990.12.01"]
[SourceVersion "1"]
[SourceVersionDate "1990.12.01"]
[SourceQuality "1"]

1. c4 g6 2. e4 Bg7 3. d4 d6 4. Nc3 Nf6 5. Nf3 O-O 6. Be2 e5 7. O-O Nc6 8. d5
Ne7 9. Nd2 a5 (9... c5) (9... Nd7) 10. a3 Nd7 (10... c5) (10... Bd7 11. Rb1 $5
(11. b3 c5 12. Rb1 Ne8 $10) 11... a4 12. b3 axb3 13. Nxb3 c5 $1 14. dxc6 Bxc6
15. Qd3 Nh5 16. Bxh5 gxh5 17. Qh3 f5 18. Qxh5 fxe4 19. Qe2 Ng6 20. Nd5 Kh8 21.
Qxe4 Ra4 22. Qe2 Qh4 $146 {Stohl-Uhlmann,Amsterdam 1990}) 11. Rb1 f5 12. b4 Kh8
(12... b6 $6 13. f3 f4 14. Na4 $1 axb4 15. axb4 g5 16. c5 Nf6 17. cxd6 cxd6 18.
b5 Bd7 19. Nc4 Nc8 20. Ba3 Ne8 21. g4 $1 $16 {@,Kasparov-Smirin,UdSSR ch 1988})
13. Qc2 (13. f3) (13. bxa5 $5 {Azmaiparashvili}) 13... Ng8 (13... fxe4 14.
Ncxe4 Nf5 15. Nb3 axb4 16. axb4 Nf6 17. Bd3 Nxe4 18. Bxe4 Qh4 19. Bd2 $14 {
Stohl-Marin,Stara Zagora zt 1990}) (13... b6 14. f3 f4 15. Nb5 g5 16. c5 bxc5
17. bxc5 dxc5 $5 {N P18.Sb3 c6>=,Sakaev-Frolov,UdSSR 1990}) 14. Bb2 $6 (14. Nb5
) (14. f3 Ngf6 15. Nb5 Nh5 16. g3 axb4 17. axb4 Ndf6 18. c5 {N} fxe4 19. fxe4
Bh3 20. Rf2 Rc8 $6 21. Rb3 $1 $16 {Browne-Root,Santa Monica 1990}) (14. exf5 $5
gxf5 15. f4 exf4 (15... Ne7 16. Nf3 Ng6 17. Ng5 $36 {G.Georgadze-Neverov,
Podolsk 1989}) 16. Nf3 Ne5 $14) 14... Ndf6 $1 {N} (14... Ngf6 15. Rbe1 f4 16.
c5 $36 {Salov-Short,Skelleftea 1989}) 15. Rbd1 (15. Rbe1 $5) (15. c5 axb4 16.
axb4 Bh6 $5 (16... fxe4 17. Ndxe4 dxc5 (17... Bf5 18. Bd3 $14 dxc5 $6 19. Nxc5
Nxd5 20. Bxf5 Rxf5 21. Ne6 $16) 18. Nxc5 (18. bxc5 $5) 18... Nxd5 19. Nxd5 Qxd5
20. Rbd1 $146) 17. f3 (17. Rbd1 Bxd2 $5 18. Rxd2 f4 19. Nb5 Ne8 20. Rc1 Rf7
$132) 17... Be3+ (17... Bxd2 18. Qxd2 f4 19. Ra1 $16) (17... Nh5 18. Nc4 Bf4
19. g3 $5 Qg5 20. Bd3 $16) 18. Kh1 Nh5 19. Nc4 Bf4 20. Bc1 $8 (20. g3 $2 Bxg3
$40) 20... Ngf6 $13) 15... Bd7 16. exf5 (16. c5 $2 axb4 17. axb4 fxe4 18. Ndxe4
(18. Ncxe4 Ba4) 18... Nxe4 19. Qxe4 Rf4 $17) (16. f3 $6 Nh5 $36 {P 17.g3? Dg5})
16... gxf5 17. f4 $6 (17. c5 $13 {PSc4}) 17... exf4 18. Rxf4 axb4 19. axb4 Ne7
$36 {<->e3} 20. Rff1 Ng6 21. Nb3 $2 (21. Nb5 $1 {PSd4|^} Ra2 (21... Bxb5 $6 22.
cxb5 Nxd5 23. Bxg7+ Kxg7 24. Nc4 Ndf4 (24... c6 25. bxc6 bxc6 26. b5 $146) 25.
Bf3 $146) 22. Nc3 $10) 21... Ng4 22. Bxg4 fxg4 23. Ne4 Ne5 $1 {|_-/+} 24. Rxf8+
Qxf8 25. Rf1 Qe7 26. Ng3 (26. Nd4 $2 Nxc4 $1) 26... Qg5 27. Kh1 (27. Nf5 Bxf5 (
27... Rf8 28. Nbd4 {PSe6}) 28. Rxf5 Qe3+ 29. Kf1 Re8 30. Bd4 Nxc4 $1) 27... Qg6
$1 28. Qe2 (28. Qxg6 hxg6 $17) (28. Nf5 Bxf5 29. Rxf5 Ra2 30. Nd4 (30. Rf2 Qxc2
31. Rxc2 Kg8 $19) 30... Nxc4 31. Qxc4 Rxb2 $19) 28... Kg8 29. Na5 (29. Nd4 Re8)
29... Re8 30. Qd1 Bc8 31. c5 h5 $19 32. cxd6 h4 33. Ne2 h3 $1 34. Ng3 (34. dxc7
hxg2+ 35. Kxg2 Qe4+ 36. Kg3 Qe3+ 37. Kg2 Nf3 38. Bxg7 Nh4+ 39. Kh1 Qe4+ 40. Kg1
Qg2#) 34... cxd6 35. Nb3 $138 (35. Bd4 hxg2+ 36. Kxg2 Qh7 $19) (35. Qd2 $5 Bd7
{PLb5}) 35... Nc4 $1 36. Bc1 (36. Bxg7 hxg2+ $19) 36... Ne3 37. Bxe3 Rxe3 38.
Qc1 (38. Nc1 Be5) 38... Rc3 39. Qb1 Qd3 40. Qe1 (40. Qxd3 Rxd3 $19 {[+]|_})
40... hxg2+ {41.Kg2 Dd5 42.Kg1 Tb3 PLd4 (I.Stohl)} 0-1

[Event "Interzonal-15"]
[Site "Manila"]
[Date "1990.??.??"]
[Round "7"]
[White "Khalifman, Alexander"]
[Black "Spasov, Vasil"]
[Result "1-0"]
[WhiteElo "2615"]
[BlackElo "2495"]
[Annotator "Khalifman,A"]
[PlyCount "115"]
[EventDate "1990.06.29"]
[EventType "swiss"]
[EventRounds "13"]
[EventCountry "PHI"]
[SourceTitle "CBM 019"]
[Source "ChessBase"]
[SourceDate "1990.12.01"]
[SourceVersion "1"]
[SourceVersionDate "1990.12.01"]
[SourceQuality "1"]

1. d4 Nf6 2. c4 g6 3. Nf3 Bg7 4. Nc3 O-O 5. e4 d6 6. Be2 e5 7. O-O Nc6 8. d5
Ne7 9. Ne1 Nd7 10. Nd3 f5 11. Bd2 Nf6 12. f3 f4 13. g4 g5 14. Be1 h5 15. h3 Ng6
16. c5 Rf7 17. cxd6 (17. b4 $5) 17... cxd6 18. Rc1 Bf8 19. Bf2 (19. Kg2 $5)
19... Rh7 20. Qb3 hxg4 21. hxg4 Nh4 22. Bxh4 Rxh4 23. Nf2 a6 $1 24. a4 Rh7 {
/\ Bd7} 25. Kg2 Bd7 26. Nb1 (26. Rh1 Rxh1 27. Nxh1 Rb8 $10) 26... b5 $1 27.
axb5 axb5 28. Na3 Qb6 29. Nxb5 $1 (29. Nc2 Kg7 $1 {/\ Be7, Rah8|^}) 29... Bxb5
$1 (29... Rb8 30. Rc6 $1 Bxc6 31. dxc6+ Kh8 32. Qe6 $1 $16) 30. Qxb5 Qxb5 31.
Bxb5 Rb8 32. Bc6 Rxb2 33. Ra1 Be7 $2 (33... Nd7 $1 34. Rfb1 Rxb1 35. Rxb1 Nc5
36. Ra1 Nb3 {/\ Nd4=}) 34. Rfb1 Rxb1 35. Rxb1 $16 Kf7 36. Rb8 Rg7 37. Nd1 Rg8
38. Rb7 Rd8 39. Nc3 Nh7 40. Nb5 Nf8 41. Na7 $1 {/\ Bb5, Nc6, /\ Rc7, Nc8} Kf6
42. Kf2 Ng6 43. Bd7 Nh4 44. Ke2 Ra8 45. Be6 Rd8 46. Nc6 Re8 47. Rd7 $1 Bf8 48.
Rf7+ Kg6 49. Ra7 Kf6 50. Bd7 $18 Re7 51. Nxe7 Bxe7 52. Kf2 Bd8 53. Ra6 Ke7 54.
Bf5 Bc7 55. Ke2 Ng2 56. Ra7 Kd8 57. Ra8+ Ke7 58. Rg8 1-0

[Event "Interzonal-15"]
[Site "Manila"]
[Date "1990.??.??"]
[Round "9"]
[White "Lautier, Joel"]
[Black "Khalifman, Alexander"]
[Result "1/2-1/2"]
[WhiteElo "2570"]
[BlackElo "2615"]
[PlyCount "33"]
[EventDate "1990.06.29"]
[EventType "swiss"]
[EventRounds "13"]
[EventCountry "PHI"]
[SourceTitle "CBM 019"]
[Source "ChessBase"]
[SourceDate "1990.12.01"]
[SourceVersion "1"]
[SourceVersionDate "1990.12.01"]
[SourceQuality "1"]

1. d4 Nf6 2. c4 e6 3. Nc3 Bb4 4. e3 c5 5. Nge2 cxd4 6. exd4 O-O 7. a3 Be7 8.
Nf4 d5 9. Be3 Nc6 10. cxd5 Nxd5 11. Ncxd5 exd5 12. Bd3 Bf6 13. O-O b6 14. Rc1
Qd6 15. Bb1 Bd7 16. Re1 Rfc8 17. Ba2 1/2-1/2

[Event "Interzonal-15"]
[Site "Manila"]
[Date "1990.??.??"]
[Round "10"]
[White "Nikolic, Predrag"]
[Black "Khalifman, Alexander"]
[Result "1/2-1/2"]
[WhiteElo "2600"]
[BlackElo "2615"]
[Annotator "ChessBase"]
[PlyCount "69"]
[EventDate "1990.06.29"]
[EventType "swiss"]
[EventRounds "13"]
[EventCountry "PHI"]
[SourceTitle "CBM 019"]
[Source "ChessBase"]
[SourceDate "1990.12.01"]
[SourceVersion "1"]
[SourceVersionDate "1990.12.01"]
[SourceQuality "1"]

1. d4 Nf6 2. c4 e6 3. Nf3 b6 4. g3 Bb7 5. Bg2 Be7 6. O-O O-O 7. b3 d5 8. cxd5
exd5 9. Nc3 Na6 10. Bb2 Qc8 11. Rc1 Rd8 12. a3 (12. Ne5) 12... c5 13. dxc5 bxc5
14. b4 Qd7 15. bxc5 Nxc5 16. Ne5 Qe6 17. Na4 Nfe4 18. Nxc5 Bxc5 19. Qa4 Bb6 20.
Nf3 Rac8 $10 21. Nd4 Qf6 22. Rxc8 Rxc8 23. Bh3 Rb8 24. Ba1 Bc5 25. Bd7 Bb6 26.
Bg4 Qg5 27. Bh3 Qd2 28. Qb4 Bc8 29. Bxc8 Qxb4 30. axb4 Rxc8 31. Rd1 Rc4 32. e3
Bxd4 33. Bxd4 Rxb4 34. Bxa7 Rb5 35. Bd4 1/2-1/2

[Event "Interzonal-15"]
[Site "Manila"]
[Date "1990.??.??"]
[Round "11"]
[White "Khalifman, Alexander"]
[Black "Damljanovic, Branko"]
[Result "1-0"]
[WhiteElo "2615"]
[BlackElo "2515"]
[Annotator "Alterman,B"]
[PlyCount "115"]
[EventDate "1990.06.29"]
[EventType "swiss"]
[EventRounds "13"]
[EventCountry "PHI"]
[SourceTitle "CBM 020 Extra"]
[Source "ChessBase"]
[SourceDate "1991.03.01"]
[SourceVersion "1"]
[SourceVersionDate "1991.03.01"]
[SourceQuality "1"]

1. d4 Nf6 2. Nf3 g6 3. c4 Bg7 4. Nc3 d6 5. e4 O-O 6. h3 e5 7. d5 a5 8. Be3 Na6
9. Nd2 Nd7 {>= 9...Nc5} 10. Nb3 b6 11. g4 f5 12. Bd3 Ndc5 13. Nxc5 Nxc5 14.
exf5 gxf5 15. Bxf5 Bxf5 16. gxf5 Rxf5 17. Rg1 $14 Qf8 18. Qd2 Kh8 19. O-O-O Rh5
$1 20. Rg3 Bh6 21. Qe2 Bxe3+ 22. fxe3 Rh6 23. Rdg1 Rf6 24. Kb1 Qf7 25. a3 a4
26. Ka2 Rf8 27. Rg5 Rf1 28. Qg2 Rxg1 29. Qxg1 h6 30. Rg6 Kh7 31. Rg4 Kh8 $6 (
31... Rg8 32. Nb5 Na6 {.. mit guten Remischancen}) 32. Qg2 Qf5 33. Rg6 Kh7 (
33... Qh5 $142) 34. Rg7+ Kh8 35. e4 Qf6 36. Rxc7 Rg8 37. Qe2 Nb3 38. Qd1 Qf4
39. Nxa4 Nc1+ 40. Ka1 Qe3 41. Qf1 Qf4 42. Rf7 Nb3+ 43. Ka2 Qxf1 44. Rxf1 Nd2
45. Rc1 Nxe4 46. Nxb6 Nc5 47. Rc2 e4 48. b4 Nd3 49. c5 dxc5 50. bxc5 e3 51. c6
e2 52. Rxe2 Nc1+ 53. Kb2 Nxe2 54. c7 Nf4 55. d6 Ne6 56. c8=Q Rxc8 57. Nxc8 Kg7
58. a4 1-0

[Event "Interzonal-15"]
[Site "Manila"]
[Date "1990.??.??"]
[Round "13"]
[White "Khalifman, Alexander"]
[Black "Shirov, Alexei"]
[Result "1/2-1/2"]
[WhiteElo "2615"]
[BlackElo "2580"]
[Annotator "Shirov,A"]
[PlyCount "96"]
[EventDate "1990.06.29"]
[EventType "swiss"]
[EventRounds "13"]
[EventCountry "PHI"]
[SourceTitle "CBM 019"]
[Source "ChessBase"]
[SourceDate "1990.12.01"]
[SourceVersion "1"]
[SourceVersionDate "1990.12.01"]
[SourceQuality "1"]

1. e4 c5 2. Nf3 d6 3. d4 cxd4 4. Nxd4 Nf6 5. Nc3 Nc6 6. Bg5 e6 7. Qd2 a6 8.
O-O-O h6 9. Bf4 Bd7 10. Nxc6 Bxc6 11. f3 d5 12. Qe1 Bb4 13. a3 Ba5 14. Bd2 O-O
$6 (14... Qe7 $5) 15. exd5 exd5 (15... Nxd5 $6 16. Nxd5 Bxd2+ 17. Rxd2 Bxd5 18.
Bc4 $16 {/\} Qg5 19. Bxd5 exd5 20. Qg3 $1 Qxg3 21. hxg3 Rad8 22. Rh5 Rfe8 23.
Kd1 $1 $18) 16. Ne2 $5 (16. Bd3 $5 Re8 17. Qh4 (17. Qg3 Nh5 $5) 17... d4 18.
Ne2 Bb6 $1 $14) 16... Bb6 17. Qg3 $1 Kh8 (17... Nh5 18. Qh3 Nf6 19. Ng3 $1 $16)
18. Qh4 Rc8 19. Bg5 $5 (19. Bc3 $6 Be3+ 20. Kb1 Ne4 $1 21. Qxd8 Nxc3+ $10) (19.
Ng3 $5 Nd7 20. Qxd8 Rfxd8 $14) 19... Re8 $8 20. Kb1 (20. Ng3 $5 Re5 21. Bxf6
Qxf6 22. Qxf6 gxf6 23. Bd3 $14) 20... Re5 21. Bxf6 Qxf6 22. Qxf6 gxf6 23. Nf4
$5 Rce8 24. Bd3 (24. Nd3 Re3 25. Nb4 a5 $1 $10 {/\} 26. Nxd5 $6 Bxd5 27. Rxd5
Re1+ 28. Ka2 Rc1 $1 $17) 24... Be3 25. Ne2 Bf2 $2 (25... d4 $1 26. Bc4 Rg8 $1
27. Nxd4 Bxd4 28. Rxd4 Rxg2 $10) 26. Nf4 $2 Be3 27. Ne2 Bf2 $2 28. Ng3 $1 $16
Rg8 29. Nf5 Rxg2 30. Nxh6 Rh5 (30... Kg7 31. Nf5+ Kh8 (31... Kf8 32. h4 {
/\ h5-h6-h7}) 32. Rd2 $1 Rg1+ 33. Rxg1 Bxg1 34. Rg2 Be3 35. Nd6 Re7 36. Re2 $18
) 31. Ng4 $6 $138 (31. Nxf7+ Kg7 32. Nd8 $1 a5 33. Ba6 $1 $18) 31... f5 32. Bf1
$1 Rxg4 33. fxg4 fxg4 34. Bg2 $2 (34. Be2 $1 f5 35. h3 d4 36. Rhf1 $18) 34...
Kg7 $13 35. Rd2 Be3 36. Re2 d4 37. Bxc6 bxc6 38. Rf1 f5 39. c3 c5 40. Kc2 Kf6
41. b4 $1 $10 f4 (41... c4 42. cxd4 Bxd4 43. Rf4 Be5 44. Rxc4 Rxh2 45. Rxh2
Bxh2 46. Kd3 g3 47. Rc2 $1 $8 Kg5 48. Ke3 Kg4 49. Rc4+ Kh3 50. Kf3 g2 51. Rc8
g1=N+ $1 $8 52. Kf2 Kg4 $10) 42. bxc5 Rxc5 43. Rxe3 $1 dxe3 44. Rxf4+ Kg5 45.
Re4 Rf5 46. Kd3 Rf2 47. Kxe3 Rxh2 48. Re6 Rh3+ 1/2-1/2

[Event "Bundesliga 9091"]
[Site "Germany"]
[Date "1991.??.??"]
[Round "?.1"]
[White "Hausner, Ivan"]
[Black "Khalifman, Alexander"]
[Result "1/2-1/2"]
[WhiteElo "2445"]
[BlackElo "2640"]
[PlyCount "62"]
[EventDate "1990.10.06"]
[EventType "team-tourn"]
[EventRounds "15"]
[EventCountry "GER"]
[SourceTitle "GER-chT"]
[Source "ChessBase"]
[SourceDate "1999.07.01"]
[SourceVersion "1"]
[SourceVersionDate "1999.07.01"]
[SourceQuality "1"]
[WhiteTeam "Delmenhorst"]
[BlackTeam "Frankfurt"]
[WhiteTeamCountry "GER"]
[BlackTeamCountry "GER"]

1. d4 Nf6 2. c4 g6 3. Nc3 Bg7 4. e4 d6 5. f4 O-O 6. Nf3 Na6 7. Be2 e5 8. fxe5
dxe5 9. d5 Nc5 10. Bg5 h6 11. Bxf6 Qxf6 12. b4 Nd7 13. c5 a5 14. a3 axb4 15.
axb4 Rxa1 16. Qxa1 Qf4 17. g3 Qe3 18. Qb2 Nxc5 19. bxc5 Bh3 20. Qb4 Ra8 21. Nd1
Ra1 22. Qb2 Rc1 23. Nd2 Bg4 24. Qb5 c6 25. dxc6 bxc6 26. Qa6 Bf8 27. Rf1 f5 28.
Nb3 Rb1 29. Nd2 Rc1 30. Nb3 Rb1 31. Nd2 Rc1 1/2-1/2

[Event "Nuremberg rapid"]
[Site "Nuremberg"]
[Date "1990.10.12"]
[Round "1"]
[White "Khalifman, Alexander"]
[Black "Kortschnoj, Viktor Lvovich"]
[Result "1/2-1/2"]
[WhiteElo "2560"]
[BlackElo "2625"]
[PlyCount "50"]
[EventDate "1990.10.12"]
[EventType "tourn (rapid)"]
[EventRounds "13"]
[EventCountry "GER"]
[EventCategory "11"]
[SourceTitle "EXT 2000"]
[Source "ChessBase"]
[SourceDate "1999.11.16"]
[SourceVersion "1"]
[SourceVersionDate "1999.11.16"]
[SourceQuality "1"]

1. d4 Nf6 2. c4 e6 3. Nf3 b6 4. g3 Bb4+ 5. Bd2 a5 6. Bg2 O-O 7. O-O Ba6 8. Qc2
d5 9. Ne5 Ra7 10. cxd5 Nxd5 11. a3 Bxd2 12. Qxd2 f6 13. Nf3 c5 14. Re1 Nc6 15.
dxc5 bxc5 16. Nc3 Nb6 17. Qe3 Nd4 18. Nxd4 cxd4 19. Qxe6+ Kh8 20. Nd5 Nxd5 21.
Qxd5 Qb6 22. b4 axb4 23. Qb3 Re7 24. Qxb4 Qxb4 25. axb4 Bxe2 {...} 1/2-1/2

[Event "Nuremberg rapid"]
[Site "Nuremberg"]
[Date "1990.10.12"]
[Round "2"]
[White "Lobron, Eric"]
[Black "Khalifman, Alexander"]
[Result "1/2-1/2"]
[WhiteElo "2545"]
[BlackElo "2560"]
[PlyCount "64"]
[EventDate "1990.10.12"]
[EventType "tourn (rapid)"]
[EventRounds "13"]
[EventCountry "GER"]
[EventCategory "11"]
[SourceTitle "EXT 2000"]
[Source "ChessBase"]
[SourceDate "1999.11.16"]
[SourceVersion "1"]
[SourceVersionDate "1999.11.16"]
[SourceQuality "1"]

1. d4 d5 2. c4 c6 3. Nc3 Nf6 4. e3 e6 5. Nf3 a6 6. Bd3 dxc4 7. Bxc4 c5 8. O-O
b5 9. Bb3 Bb7 10. Qe2 Nbd7 11. Rd1 Qb6 12. d5 Nxd5 13. Bxd5 exd5 14. Nxd5 Bxd5
15. Rxd5 Be7 16. e4 Rd8 17. Be3 O-O 18. b4 Qe6 19. Rad1 Nf6 20. Rxd8 Rxd8 21.
Rxd8+ Bxd8 22. e5 Nd7 23. Bxc5 Nxc5 24. bxc5 Be7 25. Qc2 Qc6 26. h4 Qxc5 27.
Qe4 Qc1+ 28. Kh2 Qc8 29. Nd4 Bf8 30. Nc6 Qe6 31. Qc2 g6 32. f4 Qd5 {...}
1/2-1/2

[Event "Nuremberg rapid"]
[Site "Nuremberg"]
[Date "1990.10.12"]
[Round "3"]
[White "Khalifman, Alexander"]
[Black "Hertneck, Gerald"]
[Result "1/2-1/2"]
[WhiteElo "2615"]
[BlackElo "2520"]
[PlyCount "53"]
[EventDate "1990.10.12"]
[EventType "tourn (rapid)"]
[EventRounds "13"]
[EventCountry "GER"]
[EventCategory "11"]
[SourceTitle "EXT 2000"]
[Source "ChessBase"]
[SourceDate "1999.11.16"]
[SourceVersion "1"]
[SourceVersionDate "1999.11.16"]
[SourceQuality "1"]

1. d4 d5 2. c4 c6 3. Nc3 Nf6 4. Nf3 dxc4 5. a4 Bf5 6. Ne5 e6 7. f3 Bb4 8. e4
Bxe4 9. fxe4 Nxe4 10. Bd2 Qxd4 11. Nxe4 Bxd2+ 12. Nxd2 Qxe5+ 13. Be2 b5 14.
axb5 cxb5 15. Ra5 O-O 16. Nxc4 Qg5 17. Bf3 Nc6 18. Bxc6 Rac8 19. O-O Rxc6 20.
Qd2 Qxd2 21. Nxd2 Rc2 22. Ne4 Rxb2 23. Rxa7 h6 24. Rb7 f5 25. Nc5 Re2 26. Nd3
g5 27. Rxb5 {...} 1/2-1/2

[Event "Nuremberg rapid"]
[Site "Nuremberg"]
[Date "1990.10.12"]
[Round "4"]
[White "Khalifman, Alexander"]
[Black "Zueger, Beat"]
[Result "1/2-1/2"]
[WhiteElo "2560"]
[BlackElo "2415"]
[PlyCount "52"]
[EventDate "1990.10.12"]
[EventType "tourn (rapid)"]
[EventRounds "13"]
[EventCountry "GER"]
[EventCategory "11"]
[SourceTitle "EXT 2000"]
[Source "ChessBase"]
[SourceDate "1999.11.16"]
[SourceVersion "1"]
[SourceVersionDate "1999.11.16"]
[SourceQuality "1"]

1. e4 e6 2. d4 d5 3. Nc3 Nf6 4. e5 Nfd7 5. f4 c5 6. Nf3 Nc6 7. Be3 cxd4 8. Nxd4
Qb6 9. Qd2 Qxb2 10. Rb1 Qa3 11. Bb5 Nxd4 12. Bxd4 Bb4 13. O-O O-O 14. Rf3 Bc5
15. Bxd7 Bxd7 16. Rxb7 Bc6 17. Ne2 Qxa2 18. Rc7 Rac8 19. Bxc5 Rxc7 20. Bxf8
Qb1+ 21. Kf2 Qb6+ 22. Nd4 Kxf8 23. Rb3 Qc5 24. Rc3 Qb6 25. Rb3 Qc5 26. Rc3 Qb6
1/2-1/2

[Event "Nuremberg rapid"]
[Site "Nuremberg"]
[Date "1990.10.13"]
[Round "5"]
[White "Bischoff, Klaus"]
[Black "Khalifman, Alexander"]
[Result "1/2-1/2"]
[WhiteElo "2505"]
[BlackElo "2560"]
[PlyCount "58"]
[EventDate "1990.10.12"]
[EventType "tourn (rapid)"]
[EventRounds "13"]
[EventCountry "GER"]
[EventCategory "11"]
[SourceTitle "EXT 2000"]
[Source "ChessBase"]
[SourceDate "1999.11.16"]
[SourceVersion "1"]
[SourceVersionDate "1999.11.16"]
[SourceQuality "1"]

1. d4 Nf6 2. Nf3 g6 3. c3 Bg7 4. Bf4 d6 5. h3 O-O 6. e3 c5 7. dxc5 dxc5 8. Qxd8
Rxd8 9. Bc7 Rd7 10. Bh2 Rd8 11. Bc7 Rd7 12. Bh2 Rd8 13. Nbd2 Nc6 14. Bb5 Bd7
15. O-O Nd4 16. exd4 Bxb5 17. Rfe1 cxd4 18. Nxd4 e6 19. Be5 Be8 20. N2f3 Nd7
21. Bxg7 Kxg7 22. Rad1 Nc5 23. b3 a5 24. c4 Kf6 25. g4 Rd6 26. g5+ Ke7 27. Nc2
Nd3 28. Re3 Rad8 29. Nce1 Nxe1 1/2-1/2

[Event "Nuremberg rapid"]
[Site "Nuremberg"]
[Date "1990.10.13"]
[Round "6"]
[White "Khalifman, Alexander"]
[Black "Landenbergue, Claude"]
[Result "0-1"]
[WhiteElo "2560"]
[BlackElo "2385"]
[PlyCount "66"]
[EventDate "1990.10.12"]
[EventType "tourn (rapid)"]
[EventRounds "13"]
[EventCountry "GER"]
[EventCategory "11"]
[SourceTitle "EXT 2000"]
[Source "ChessBase"]
[SourceDate "1999.11.16"]
[SourceVersion "1"]
[SourceVersionDate "1999.11.16"]
[SourceQuality "1"]

1. e4 e6 2. d4 d5 3. Nc3 Nf6 4. e5 Ne4 5. Nce2 f6 6. f3 Ng5 7. h4 Nf7 8. f4 c5
9. c3 Nc6 10. Nf3 Qa5 11. a3 Bd7 12. Bd2 Qb6 13. Rb1 Be7 14. b4 cxd4 15. Nexd4
fxe5 16. Nxc6 bxc6 17. fxe5 O-O 18. Bf4 a5 19. Qd2 axb4 20. axb4 c5 21. Bd3
cxb4 22. cxb4 Ra3 23. Be3 Qb8 24. Bd4 Bb5 25. Bc2 Rxf3 26. gxf3 Nxe5 27. Bxe5
Qxe5+ 28. Kf2 Qh5 29. Qe3 e5 30. Kg2 e4 31. Rh3 Bxh4 32. Rbh1 Qg6+ 33. Kh2 Bg5
0-1

[Event "Nuremberg rapid"]
[Site "Nuremberg"]
[Date "1990.10.13"]
[Round "7"]
[White "Hug, Werner"]
[Black "Khalifman, Alexander"]
[Result "1/2-1/2"]
[WhiteElo "2445"]
[BlackElo "2560"]
[PlyCount "60"]
[EventDate "1990.10.12"]
[EventType "tourn (rapid)"]
[EventRounds "13"]
[EventCountry "GER"]
[EventCategory "11"]
[SourceTitle "EXT 2000"]
[Source "ChessBase"]
[SourceDate "1999.11.16"]
[SourceVersion "1"]
[SourceVersionDate "1999.11.16"]
[SourceQuality "1"]

1. Nf3 c5 2. e4 d6 3. Bb5+ Bd7 4. Bxd7+ Nxd7 5. O-O Ngf6 6. Re1 e6 7. c4 Be7 8.
Nc3 O-O 9. d4 cxd4 10. Qxd4 a6 11. Bg5 Rc8 12. Rac1 Qa5 13. Qd2 Qc5 14. b3 Rfd8
15. h3 Bf8 16. Be3 Qc7 17. Bd4 Ne5 18. Qe2 Ned7 19. Red1 Qa5 20. Qd2 b5 21.
cxb5 axb5 22. Nd5 Qxd2 23. Nxf6+ Nxf6 24. Nxd2 Ra8 25. Bxf6 gxf6 26. Rc2 d5 27.
exd5 Rxd5 28. Re1 Bb4 29. Re2 Kg7 30. g3 f5 {...} 1/2-1/2

[Event "Nuremberg rapid"]
[Site "Nuremberg"]
[Date "1990.10.13"]
[Round "8"]
[White "Khalifman, Alexander"]
[Black "Wirthensohn, Heinz"]
[Result "1-0"]
[WhiteElo "2560"]
[BlackElo "2410"]
[PlyCount "81"]
[EventDate "1990.10.12"]
[EventType "tourn (rapid)"]
[EventRounds "13"]
[EventCountry "GER"]
[EventCategory "11"]
[SourceTitle "EXT 2000"]
[Source "ChessBase"]
[SourceDate "1999.11.16"]
[SourceVersion "1"]
[SourceVersionDate "1999.11.16"]
[SourceQuality "1"]

1. Nf3 Nf6 2. d4 d5 3. c4 e6 4. g3 Bb4+ 5. Bd2 Be7 6. Bg2 O-O 7. O-O c6 8. Qc2
b6 9. Bf4 Bb7 10. Rd1 Na6 11. Nc3 dxc4 12. Ne5 Nd5 13. Nxc4 Nxf4 14. gxf4 Nb4
15. Qb3 Nd5 16. e3 Rc8 17. Ne5 Rc7 18. Rac1 Qb8 19. Ne4 c5 20. dxc5 bxc5 21.
Qb5 Ba8 22. Qxb8 Rxb8 23. b3 Nb4 24. Rd2 f5 25. Ng5 Bxg5 26. fxg5 Bxg2 27. Kxg2
Nd5 28. Rdc2 Nb4 29. Rxc5 Rxc5 30. Rxc5 Nxa2 31. Ra5 Nc1 32. b4 Rd8 33. Rxa7
Nd3 34. Nc6 Rd6 35. b5 Nc5 36. Ra8+ Kf7 37. Ne5+ Ke7 38. Ra7+ Kf8 39. Rf7+ Ke8
40. Rxg7 Rb6 41. Rxh7 1-0

[Event "Nuremberg rapid"]
[Site "Nuremberg"]
[Date "1990.10.14"]
[Round "9"]
[White "Kindermann, Stefan"]
[Black "Khalifman, Alexander"]
[Result "1/2-1/2"]
[WhiteElo "2560"]
[BlackElo "2560"]
[PlyCount "70"]
[EventDate "1990.10.12"]
[EventType "tourn (rapid)"]
[EventRounds "13"]
[EventCountry "GER"]
[EventCategory "11"]
[SourceTitle "EXT 2000"]
[Source "ChessBase"]
[SourceDate "1999.11.16"]
[SourceVersion "1"]
[SourceVersionDate "1999.11.16"]
[SourceQuality "1"]

1. e4 e5 2. Nf3 Nc6 3. Bb5 a6 4. Ba4 Nf6 5. O-O Be7 6. Re1 b5 7. Bb3 O-O 8. a4
Bb7 9. d3 d6 10. Nc3 b4 11. Nd5 Na5 12. Nxe7+ Qxe7 13. Ba2 c5 14. c3 Bc8 15.
Bg5 Rb8 16. cxb4 cxb4 17. Bd5 h6 18. Bxf6 Qxf6 19. Rc1 Be6 20. d4 Rfc8 21. Qd3
Bxd5 22. exd5 Rxc1 23. Rxc1 exd4 24. Qxd4 Qf5 25. Re1 Nb3 26. Qa7 Rf8 27. Qxa6
Qxd5 28. Qb5 Qxb5 29. axb5 Rb8 30. Re3 Nc5 31. Nd4 Ne6 32. Nxe6 fxe6 33. Rxe6
Rxb5 34. Rxd6 Rc5 35. g3 Rc2 1/2-1/2

[Event "Nuremberg rapid"]
[Site "Nuremberg"]
[Date "1990.10.14"]
[Round "10"]
[White "Khalifman, Alexander"]
[Black "Huebner, Robert"]
[Result "1/2-1/2"]
[WhiteElo "2560"]
[BlackElo "2595"]
[PlyCount "79"]
[EventDate "1990.10.12"]
[EventType "tourn (rapid)"]
[EventRounds "13"]
[EventCountry "GER"]
[EventCategory "11"]
[SourceTitle "EXT 2000"]
[Source "ChessBase"]
[SourceDate "1999.11.16"]
[SourceVersion "1"]
[SourceVersionDate "1999.11.16"]
[SourceQuality "1"]

1. Nf3 Nf6 2. d4 e6 3. c4 b6 4. g3 Ba6 5. b3 Bb7 6. Bg2 Bb4+ 7. Bd2 a5 8. O-O
O-O 9. Bc3 Ne4 10. Bb2 Be7 11. Nfd2 Nxd2 12. Bxb7 Ra7 13. Nxd2 Rxb7 14. e4 d5
15. cxd5 exd5 16. e5 c5 17. Nf3 Nc6 18. Rc1 Qd7 19. Kg2 h6 20. Re1 Rd8 21. Qe2
Qe6 22. h3 Ra8 23. a4 Nb4 24. Ng1 Rc8 25. Qf3 Bg5 26. Rcd1 cxd4 27. Bxd4 Rbc7
28. h4 Be7 29. Nh3 Nc2 30. Re2 Nxd4 31. Rxd4 Rc3 32. Qh5 Bc5 33. Nf4 Qc6 34. e6
fxe6 35. Rxe6 Qb7 36. Re8+ Rxe8 37. Qxe8+ Bf8 38. h5 Qc8 39. Qxc8 Rxc8 40. Nxd5
1/2-1/2